All Slovak Cities on the Map - Statistics

General Stats
  • This quiz has been taken 566 times
  • The average score is 66 of 141
Answers on the Map
Answers color-coded by a green-red scale on the quiz's map according to % correct below.
 
Answer Stats
Population City % Correct
432 864 Bratislava
97%
238 757 Košice
91%
88 680 Prešov
85%
80 810 Žilina
84%
78 327 Banská Bystrica
83%
55 333 Trenčín
83%
65 207 Trnava
83%
76 655 Nitra
81%
51 304 Poprad
79%
54 618 Martin
76%
33 927 Komárno
75%
39 050 Michalovce
72%
26 709 Ružomberok
69%
22 730 Dunajská Streda
68%
31 194 Liptovský Mikuláš
68%
32 449 Bardejov
67%
33 191 Humenné
66%
10 035 Banská Štiavnica
65%
17 438 Malacky
65%
33 082 Levice
64%
23 888 Rimavská Sobota
64%
42 321 Zvolen
64%
24 114 Čadca
63%
46 059 Prievidza
63%
20 324 Senica
63%
37 194 Spišská Nová Ves
63%
16 381 Kežmarok
62%
23 002 Pezinok
62%
19 711 Senec
62%
10 279 Štúrovo
62%
11 591 Myjava
61%
37 899 Nové Zámky
61%
39 569 Považská Bystrica
61%
20 953 Brezno
60%
20 037 Nové Mesto nad Váhom
60%
19 182 Rožňava
60%
20 324 Snina
59%
14 757 Levoča
58%
27 534 Piešťany
58%
12 700 Sabinov
58%
15 016 Skalica
57%
18 821 Dolný Kubín
56%
15 013 Galanta
56%
27 805 Lučenec
56%
25 181 Topoľčany
56%
24 597 Trebišov
56%
19 083 Žiar nad Hronom
56%
15 073 Kysucké Nové Mesto
55%
7 827 Námestovo
55%
17 722 Púchov
54%
18 082 Bánovce nad Bebravou
53%
23 762 Dubnica nad Váhom
53%
22 455 Partizánske
53%
22 465 Vranov nad Topľou
53%
4 042 Vysoké Tatry
53%
5 440 Ilava
52%
6 541 Medzilaborce
52%
21 893 Šaľa
52%
16 330 Stará Ľubovňa
52%
21 508 Hlohovec
51%
10 873 Svidník
50%
14 686 Detva
49%
10 548 Stropkov
49%
11 340 Bytča
47%
16 999 Handlová
47%
9 042 Modra
47%
11 465 Zlaté Moravce
47%
11 174 Holíč
46%
12 087 Revúca
46%
6 337 Sobrance
46%
13 314 Šamorín
45%
7 762 Vrútky
45%
9 224 Tvrdošín
44%
11 930 Veľký Krtíš
44%
4 952 Bojnice
43%
5 431 Gabčíkovo
43%
15 581 Sereď
42%
5 700 Svätý Jur
42%
3 593 Čierna nad Tisou
41%
10 614 Fiľakovo
41%
5 306 Kremnica
41%
4 144 Leopoldov
41%
7 441 Liptovský Hrádok
41%
4 166 Trenčianske Teplice
41%
8 611 Veľký Meder
41%
6 076 Gelnica
40%
7 790 Svit
40%
1 421 Dudince
39%
7 472 Hurbanovo
39%
6 180 Žarnovica
39%
5 777 Rajec
38%
11 887 Stupava
38%
6 347 Turčianske Teplice
38%
7 893 Krupina
37%
11 332 Moldava nad Bodvou
36%
7 238 Šahy
36%
7 360 Trstená
36%
5 139 Gbely
35%
5 219 Sládkovičovo
35%
2 242 Spišská Stará Ves
35%
10 546 Kolárovo
34%
7 319 Nová Baňa
33%
11 116 Nová Dubnica
33%
4 226 Nováky
32%
5 632 Poltár
32%
7 177 Tornaľa
32%
8 567 Vráble
32%
8 832 Stará Turá
31%
9 782 Šurany
31%
3 017 Rajecké Teplice
30%
6 772 Želiezovce
30%
7 429 Kráľovský Chlmec
29%
6 680 Spišská Belá
29%
8 940 Veľké Kapušany
29%
4 972 Šaštín-Stráže
28%
4 986 Sliač
28%
6 289 Veľký Šariš
28%
8 763 Krompachy
27%
6 521 Lipany
27%
8 453 Sečovce
27%
4 013 Spišské Podhradie
27%
4 108 Giraltovce
26%
4 834 Brezová pod Bradlom
24%
6 790 Krásno nad Kysucou
24%
4 446 Medzev
24%
1 620 Modrý Kameň
24%
7 565 Turzovka
24%
5 947 Vrbové
24%
7 455 Hnúšťa
23%
4 289 Strážske
23%
5 639 Dobšiná
22%
4 271 Turany
22%
7 484 Hriňová
21%
4 127 Tisovec
21%
3 768 Hanušovce nad Topľou
20%
6 384 Nemšová
20%
5 049 Nesvady
18%
3 536 Tlmače
18%
3 219 Jelšava
17%
3 192 Podolínec
16%
3 457 Spišské Vlachy
15%
No matching quizzes found
Score Distribution
Percent of People with Each Score
Percentile by Number Answered
Your Score History
You have not taken this quiz